000 01679ngm a22003850a 4500
001 PT13521
003 AR-LpoUNG
005 20210202000322.0
007 vd cvaizq
008 191001s1998||||ag |||||||||||||||||spa d
020 _a9504359264 (o.c.)
040 _aAR-LpoUNG
_bspa
_cAR-LpoUNG
_eaacr
041 _aspa
044 _aag
082 0 _a982 632v6
100 1 _aPigna, Felipe
_edir.
245 1 0 _aHistoria Argentina 1930 - 1943 :
_bprocesos socioeconómicos, políticos y culturales
260 _aBuenos Aires :
_bDiana,
_c1998.
300 _aVHS (51 min.)
505 0 _aGuión: Carlos Mora, Marta Dino ; narración: Edgardo Pérez Morán ; asistencia: Natalia Incolla Garay, Sol Povarchik ; guión: Marta Dino, distribución: Mauro Ariel González ; colaboración: Karina Solano ; edición: Martín Gaztelu. - Se acompaña con guía de trabajo inventario Nº 12518
520 _aContenido: Uriburu; primer mundial de futbol 1930; la década infame; Gardel; Mussolini; Wal Street; Getulio Vargas; Lázaro Cárdenas; Pacto; Roca/Runciman; Hittler; New Deal; La crisis del 1930; Guerra civil española; Hiroshima; Lisandro de la Torre; Severino di Giovanni; Segunda Guerra Mundial; El holocausto; Nuremberg; Los nuevos Estados.
650 4 _aANALISIS HISTORICO
650 4 _aASPECTOS POLITICOS
650 4 _aCONFLICTOS ARMADOS
650 4 _aHISTORIA
650 4 _aPROBLEMAS SOCIALES
650 4 _aSOCIEDAD
651 4 _aArgentina
653 _aVIDEOS
653 _aVIDEOS DIDACTICOS
710 2 _aEscuela Superior de Comercio Carlos Pellegrini (Buenos Aires)
710 2 _aUniversidad de Buenos Aires
905 _a13521
942 _cVIDEO
999 _c54610
_d54610